Central Library OPAC University of Rajshahi

British factory, Japanese factory : (Record no. 15483)

MARC details
000 -LEADER
fixed length control field 00965pam a2200265 a 4500
001 - CONTROL NUMBER
control field 15483
003 - CONTROL NUMBER IDENTIFIER
rucl marc code BD-RjUL
005 - DATE AND TIME OF LATEST TRANSACTION
control field 20211208235827.0
008 - FIXED-LENGTH DATA ELEMENTS--GENERAL INFORMATION
fixed length control field 140210r19901973caua b 001 0 eng
020 ## - INTERNATIONAL STANDARD BOOK NUMBER
International Standard Book Number 0520022688 (alk. paper)
International Standard Book Number 0520024958 (pbk. : alk. paper)
035 ## - SYSTEM CONTROL NUMBER
System control number (BD-RjUL)15537
040 ## - CATALOGING SOURCE
Original cataloging agency DLC
Transcribing agency DLC
Modifying agency DLC
-- BD-RjUL
Language of cataloging eng
041 ## - LANGUAGE CODE
Language code of text/sound track or separate title eng
082 00 - DEWEY DECIMAL CLASSIFICATION NUMBER
Classification number 331.0941
Edition number 20
Author mark and year DOB 1973
100 1# - MAIN ENTRY--PERSONAL NAME
Personal name Dore, Ronald Philip.
9 (RLIN) 15935
245 10 - TITLE STATEMENT
Title British factory, Japanese factory :
Remainder of title the origins of national diversity in industrial relations /
Statement of responsibility, etc. Ronald Dore ; with a new afterword by the author.
260 ## - PUBLICATION, DISTRIBUTION, ETC. (IMPRINT)
Place of publication, distribution, etc. Berkeley :
Name of publisher, distributor, etc. University of California Press,
Date of publication, distribution, etc. c1973.
300 ## - PHYSICAL DESCRIPTION
Pagination 467 p. :
Illustrations ill. ;
Size 21 cm.
504 ## - BIBLIOGRAPHY, ETC. NOTE
Bibliography, etc Includes bibliographical references and index.
650 #0 - SUBJECT ADDED ENTRY--TOPICAL TERM
Topical term or geographic name as entry element Industrial relations
Geographic subdivision Great Britain
General subdivision Case studies.
9 (RLIN) 48093
Topical term or geographic name as entry element Industrial relations
General subdivision Case studies.
9 (RLIN) 48094
942 ## - ADDED ENTRY ELEMENTS (KOHA)
Source of classification or shelving scheme Dewey Decimal Classification
Koha item type Books
Holdings
Lost status Source of classification or shelving scheme Damaged status Not for loan Collection code Permanent Location Current Location Shelving location Date acquired Source of acquisition Total Checkouts Full call number Date last seen Copy number Koha item type
  Dewey Decimal Classification     Non-fiction Central Library, University of Rajshahi Central Library, University of Rajshahi   03/03/1996 Asia foundation   331.0941 DOB 1990 10/02/2014 C-2 Books
  Dewey Decimal Classification   Not For Loan Non-fiction Central Library, University of Rajshahi Central Library, University of Rajshahi Reading Room 25/04/1979 Japan Foundation   331.0941 DOB 1973 31/12/2016 C-1 Books